Konzekutívne tlmočenie

Bibliographic Details
Main Author: Opalková, Jarmila, 1957- (Author)
Format: Software eBook
Language:Slovak
Russian
PhysicalDescription:1 elektronický optický disk (CD-ROM) fareb. 12 cm
Published: V Prešove Filozofická fakulta Prešovskej univerzity 2011
ISBN:9788055504513
Subjects:
Online Access:http://www.pulib.sk/elpub2/FF/Opalkova2/index.html

MARC

LEADER 00000nam a2200000 a 4500
001 vtls010342811
003 SK-MaSNL
005 20260302012120.0
007 co cg muuua
008 240315s2011 xo fsp 000 0 slo
015 |a SNBS2013 
020 |a 9788055504513  |q (elektronická kniha) 
040 |a SNK  |b slo  |c SNK  |e AACR2 
041 0 |a slo  |a rus 
044 |a xo  |c SK 
072 7 |a 81  |x Lingvistika. Jazyky  |2 kospsekt 
080 |a 81'25  |2 2001 
080 |a 811.162.4  |2 2001 
080 |a 811.161.1  |2 2001 
080 |a (0.034.44)  |2 2001 
080 |a (07)  |2 2001 
100 1 |a Opalková, Jarmila,  |d 1957-  |4 aut  |9 102615 
245 1 0 |a Konzekutívne tlmočenie  |h elektronický zdroj  |c Jarmila Opalková 
260 |a V Prešove  |b Filozofická fakulta Prešovskej univerzity  |c 2011 
300 |a 1 elektronický optický disk (CD-ROM)  |b fareb.  |c 12 cm 
500 |a Názov z titulnej obrazovky 
504 |a Bibliogr. odkazy 
516 |a Textový dokument (učebnica), súbory vo formáte pdf, html 
538 |a Technické požiadavky: PDF prehliadač, internetový prehliadač 
546 |a Text čiast. rus. 
650 0 7 |a tlmočenie  |2 SNKPH  |9 19534 
650 0 7 |a konzekutívne tlmočenie  |2 SNKPH  |9 124329 
650 0 7 |a slovenčina  |2 SNKPH  |9 1350 
650 0 7 |a ruština  |2 SNKPH  |9 1346 
650 0 7 |a Interpretation  |2 SNKPHeng  |9 300202 
650 0 7 |a Consecutive interpreting  |2 SNKPHeng  |9 331170 
650 0 7 |a Slovak language  |2 SNKPHeng  |9 266031 
650 0 7 |a Russian language  |2 SNKPHeng  |9 282042 
655 7 |a elektronické zdroje  |2 SNKPH  |9 90954 
655 7 |a CD-ROM  |2 SNKPH  |9 70236 
655 7 |a učebné texty  |2 SNKPH  |9 70568 
655 7 |a Educational texts  |2 SNKPHeng  |9 277375 
655 7 |a Electronic resources  |2 SNKPHeng  |9 175546 
710 2 |a Prešovská univerzita v Prešove.  |b Filozofická fakulta  |4 pbl  |9 179573 
752 |a Slovensko  |d Prešov 
856 4 1 |u http://www.pulib.sk/elpub2/FF/Opalkova2/index.html 
919 |a 978-80-555-0451-3 
958 |a NB 
999 |c 1008496  |d 1010426 
952 |a SNK  |b SNK  |y PREZ  |7 0  |p 17A0878370  |o snkSCDM 4478  |i snk2012/4428  |8 0  |0 0  |1 0  |4 0  |d 2012-02-20  |l 0  |r 2026-02-24 12:43:17  |w 2026-02-24